Top 20 Dutch Players on FIFA 20 - Statistics

General Stats
  • This quiz has been taken 100 times
  • The average score is 15 of 20
Answer Stats
Pos. Club Number Rating Player % Correct
CDM Barcelona 21 85 Frenkie de Jong
100%
ST Sevilla 19 82 Luuk de Jong
100%
CB Liverpool 4 90 Virgil van Dijk
99%
CM Liverpool 5 84 Georginio Wijnaldum
98%
CB Juventus 4 85 Matthijs de Ligt
97%
CA Lyon 9 84 Memphis Depay
94%
CB Inter 6 84 Stefan de Vrij
92%
GK Valencia 13 83 Jasper Cillessen
91%
CAM Ajax 6 81 Donny van de Beek
76%
CDM Ajax 17 83 Daley Blind
75%
CB Bournemouth 5 80 Nathan Ake
69%
LW Ajax 7 82 Quincy Promes
66%
CM Marseille 12 80 Kevin Strootman
64%
ST Frankfurt 9 82 Bas Dost
63%
LW PSV 10 82 Steven Bergwijn
60%
CM Werder Bremen 30 80 Davy Klaassen
50%
GK PSV 1 80 Jeroen Zoet
50%
ST Wolfsburg 9 81 Wout Weghorst
50%
RW Feyenoord 10 80 Steven Berghuis
45%
CM Club Brugge 8 79 Ruud Vormer
36%
No matching quizzes found
Score Distribution
Percent of People with Each Score
Percentile by Number Answered
Your Score History
You have not taken this quiz